000 00866nam a2200241 a 4500
001 000021186
005 20200930011246.0
008 100901s1997 sp 000 0 spa d
020 _a8478082123
040 _aDO-SdBNP
_bspa
_cBNPHU
041 1 7 _aspa
_hfre
082 _a929.7
_bS132c
100 1 _aChacornac, Paul.
_944291
245 1 3 _aEl conde de Saint Germain :
_bhistoria, vida y leyenda /
_cPaul Chacornac ; traducción David García Valverde.
250 _a2a ed.
260 _aBarcelona, España :
_bSirio,
_c1997.
300 _a404 p. ;
_c21 cm.
500 _aTodo acerca del personaje más enigmático del siglo xviii
500 _aIncluye referencias bibliográficas y notas al pie de las páginas
650 4 _aSaint-germain, conde de,
_d1784-?
_944292
650 4 _aMetafísicos
_xBiografía
_944293
700 1 _aGarcía Valverde, David,
_etr.
_944294
999 _c20687
_d20687